The history of economic ideas : economic thought in contemporary context (Record no. 18021)
[ view plain ]
| 000 -LEADER | |
|---|---|
| fixed length control field | 00503nam a2200181 a 4500 |
| 001 - CONTROL NUMBER | |
| control field | 155579 |
| 003 - CONTROL NUMBER IDENTIFIER | |
| control field | OSt |
| 005 - DATE AND TIME OF LATEST TRANSACTION | |
| control field | 20210920153306.0 |
| 008 - FIXED-LENGTH DATA ELEMENTS--GENERAL INFORMATION | |
| fixed length control field | 180309 ### HIN |
| 020 ## - INTERNATIONAL STANDARD BOOK NUMBER | |
| International Standard Book Number | 9781138101333 |
| 082 ## - DEWEY DECIMAL CLASSIFICATION NUMBER | |
| Classification number | 330.09 |
| Item number | D92H |
| 100 ## - MAIN ENTRY--PERSONAL NAME | |
| Personal name | Dupont, Brandon |
| 245 ## - TITLE STATEMENT | |
| Title | The history of economic ideas : economic thought in contemporary context |
| Statement of responsibility, etc | by Brandon Dupont |
| 260 ## - PUBLICATION, DISTRIBUTION, ETC. (IMPRINT) | |
| Place of publication, distribution, etc | London; New York |
| Name of publisher, distributor, etc | Routledge |
| Date of publication, distribution, etc | 2017 |
| 300 ## - PHYSICAL DESCRIPTION | |
| Extent | x, 251p. |
| 653 ## - INDEX TERM--UNCONTROLLED | |
| Uncontrolled term | Economic history |
| 942 ## - ADDED ENTRY ELEMENTS (KOHA) | |
| Source of classification or shelving scheme | Dewey Decimal Classification |
| Koha item type | Books |
| Withdrawn status | Lost status | Source of classification or shelving scheme | Damaged status | Not for loan | Collection code | Home library | Current library | Date acquired | Source of acquisition | Full call number | Barcode | Date last seen | Price effective from | Koha item type |
|---|---|---|---|---|---|---|---|---|---|---|---|---|---|---|
| Dewey Decimal Classification | General Text Book | Central University Of Rajasthan | Central University Of Rajasthan | 09/03/2018 | ECO | 330.09 D92H | 30371 | 30/03/2021 | 02/09/2020 | Books |
